Statistics for Isolated Capitals Looking Northwards

Click here to take the quiz!

General Stats

  • This quiz has been taken 31 times
  • The average score is 11 of 20

Answer Stats

D (km)CAPITAL CITY% Correct
ReykjavikMelekeok
91%
2,330 WellingtonMoscow
83%
2,564 UlaanbaatarParamaribo
83%
3,873 OttawaPort-Vila
78%
2,717 CanberraAstana
74%
2,423 HelsinkiCanberra
70%
1,784 Mexico CityManila
65%
1,480 Taipei
65%
2,523 BrasiliaReykjavik
65%
2,279 AstanaDhaka
61%
1,902 DiliHavana
61%
1,551 SantiagoWashington
52%
1,534 NassauSeoul
52%
2,172 ColomboNouakchott
39%
4,057 MajuroReykjavik
35%
1,683 MelekeokDhaka
30%
1,616 HanoiCairo
26%
2,001 NiameyRabat
26%
1,985 NouakchottBandar Seri Begawan
22%
1,612 KhartoumAsuncion
22%

Score Distribution

Percentile by Number Answered

Percent of People with Each Score

Your Score History

You have not taken this quiz